000 00474nam a2200181Ia 4500
003 GCL
008 140319s9999 xx 000 0 eng d
040 _aGCL /
_cGCL
082 0 4 _a332.1
_bL I
100 1 _aLESTER, RAY
245 1 0 _aINFORMATION SOURCES IN FINANCE AND BANKING /
_cLESTER, RAY
260 _a[S.N] :
_bBOWKER - SAUR ،
_c1996
300 _a818 P
650 0 4 _aFINANCE
650 0 4 _aBANKS AND BANKING
650 0 4 _aFINANCIAL ENGINEERING
942 _2ddc
_cBK
999 _c16487
_d16487